Histoire diplomatique de la question Nord-Epirote : (1912-1957)

Αποθηκεύτηκε σε:
Λεπτομέρειες βιβλιογραφικής εγγραφής
Κύριος συγγραφέας: Παπαδάκης, Βασίλειος Π., 1898-
Μορφή: Βιβλίο
Γλώσσα:French
Δημοσίευση: Athenes : J. Alevropoulos, 1958
Σειρά:Ίδρυμα Μελετών Χερσονήσου του Αίμου (Εταιρεία Μακεδονικών Σπουδών) ; 21
Θέματα:
Ετικέτες: Προσθήκη ετικέτας
Δεν υπάρχουν, Καταχωρήστε ετικέτα πρώτοι!

MARC

LEADER 00000cam a2200000 i 4500
001 1/97422
008 081118s1958 fre d
035 |l 10101707 
040 |a GR-MY-UA  |b gre  |e aacr 
041 0 |a fre 
082 0 |a 911.4965  |2 (22) 
100 1 |a Παπαδάκης, Βασίλειος Π.,   |d 1898- 
245 1 0 |a Histoire diplomatique de la question Nord-Epirote :  |b (1912-1957) /  |c par B.P. Papadakis 
260 |a Athenes :   |b J. Alevropoulos,   |c 1958 
300 |a 195 σ.;  |c 25 εκ. 
490 1 |a Ίδρυμα Μελετών Χερσονήσου του Αίμου  |v ; 21 
504 |a Βιβλιογραφία: σ. [179]-191 
650 0 0 |a Historical geography. 
651 0 |a Epirus (Greece and Albania)  |x History. 
651 0 |a Greece  |x Boundaries  |y Albania. 
651 0 |a Albania  |x Boundaries  |y Greece. 
830 0 |a Ίδρυμα Μελετών Χερσονήσου του Αίμου (Εταιρεία Μακεδονικών Σπουδών)  |v ; 21 
852 |a INST  |b RHODES  |c AKA  |e 20081118  |h  911.4965 ΠΑΠ  |p 005400031101  |q 005400031101  |t BK  |y 0 
901 |a BIBL4-2008-3 
909 |a Ρ  |b 153624 
970 |a ΚΟΖΑ  |b ΜΑΡΙΑ  |z 2008/11/18